Interpretation of statutes

Na minha lista:
Detalhes bibliográficos
Autor principal: Sarathi Vepa P.
Formato: Livro
Publicado em: Lucknow: Eastern book company, c2005.
Edição:5th ed.
Assuntos:
Tags: Adicionar Tag
Sem tags, seja o primeiro a adicionar uma tag!

MARC

LEADER 00000nam a22000007a 4500
005 20260415091954.0
020 |a 8170128609  |c TZS 11,276.50/= 
040 |a MCCL  |b eng.  |e AACR 2nd rev. ed. 
082 |a 348.02 SAR 
100 |a Sarathi Vepa P. 
245 |a Interpretation of statutes   |c /Vepa P. Sarathi 
250 |a 5th ed. 
260 |a Lucknow:  |b Eastern book company,  |c c2005. 
300 |a lx,776P.:  |c 24 cm. 
546 |a eng. 
650 |a statute 
650 |a Interpretation  
942 |c BK 
999 |c 12632  |d 12632